<?xml version="1.0" encoding="UTF-8"?>
<record
    xmlns:xsi="http://www.w3.org/2001/XMLSchema-instance"
    xsi:schemaLocation="http://www.loc.gov/MARC21/slim http://www.loc.gov/standards/marcxml/schema/MARC21slim.xsd"
    xmlns="http://www.loc.gov/MARC21/slim">

  <leader>01518nam a22002537a 4500</leader>
  <controlfield tag="003">OSt</controlfield>
  <controlfield tag="005">20201021144028.0</controlfield>
  <controlfield tag="008">201021b       2007 dr  00| 0 eng d</controlfield>
  <datafield tag="020" ind1=" " ind2=" ">
    <subfield code="a">9789945425178</subfield>
  </datafield>
  <datafield tag="040" ind1=" " ind2=" ">
    <subfield code="a">DO-SdBNP</subfield>
    <subfield code="b">spa</subfield>
    <subfield code="c">BNPHU</subfield>
  </datafield>
  <datafield tag="082" ind1=" " ind2=" ">
    <subfield code="b">T314d</subfield>
  </datafield>
  <datafield tag="245" ind1="0" ind2="0">
    <subfield code="a">Teor&#xED;a del delito /</subfield>
    <subfield code="c">Jos&#xE9; de la Mata Amaya ... [et al.]</subfield>
  </datafield>
  <datafield tag="250" ind1=" " ind2=" ">
    <subfield code="a">3a ed.</subfield>
  </datafield>
  <datafield tag="260" ind1=" " ind2=" ">
    <subfield code="a">Santo Domingo :</subfield>
    <subfield code="b">Escuela Nacional de la Judicatura,</subfield>
    <subfield code="c">2007.</subfield>
  </datafield>
  <datafield tag="300" ind1=" " ind2=" ">
    <subfield code="a">505 p. ; </subfield>
    <subfield code="c">28 cm. </subfield>
  </datafield>
  <datafield tag="500" ind1=" " ind2=" ">
    <subfield code="a">La biblioteca posee la tercera reimpresi&#xF3;n 2010.</subfield>
  </datafield>
  <datafield tag="505" ind1=" " ind2=" ">
    <subfield code="a">Presentaci&#xF3;n --</subfield>
    <subfield code="t">Introducci&#xF3;n --</subfield>
    <subfield code="t">El derecho penal. Fundamento y l&#xED;mites a su intervenci&#xF3;n. La ley penal. &#xE1;mbito de aplicaci&#xF3;n  -- </subfield>
    <subfield code="t">El concepto de delito. La tipicidad. El tipo objetivo -- </subfield>
    <subfield code="t">El tipo subjetivo. Dolo, imprudencia y error de tipo --</subfield>
    <subfield code="t">La omisi&#xF3;n --</subfield>
    <subfield code="t">La tentativa de delito y el desistimiento --</subfield>
    <subfield code="t">Formar de intervenci&#xF3;n en el hecho t&#xED;pico : la autor&#xED;a y la participaci&#xF3;n --</subfield>
    <subfield code="t">La antijuridicidad. Causas de justificaci&#xF3;n --</subfield>
    <subfield code="t">|La culpabilidad --</subfield>
    <subfield code="t">Las circunstancias modificativas de la responsabilidad y la pluralidad de delitos -</subfield>
    <subfield code="t">Las consecuencias jur&#xED;dicas del delito. La pena y la medida de seguridad. La determinaci&#xF3;n de la pena --</subfield>
    <subfield code="t">Gu&#xED;a metodol&#xF3;gica para la soluci&#xF3;n con casos penales --</subfield>
  </datafield>
  <datafield tag="700" ind1="1" ind2=" ">
    <subfield code="a">Mata Amaya, Jos&#xE9; de la</subfield>
    <subfield code="9">30889</subfield>
  </datafield>
  <datafield tag="700" ind1="1" ind2=" ">
    <subfield code="a">S&#xE1;nchez Tom&#xE1;s, Miguel </subfield>
    <subfield code="9">76988</subfield>
  </datafield>
  <datafield tag="700" ind1="1" ind2=" ">
    <subfield code="a">Alc&#xE1;cer Guirao, Rafael  </subfield>
    <subfield code="9">76989</subfield>
  </datafield>
  <datafield tag="700" ind1="1" ind2=" ">
    <subfield code="a">Lascura&#xED;n S&#xE1;nchez, Juan Antonio </subfield>
    <subfield code="9">76990</subfield>
  </datafield>
  <datafield tag="700" ind1="1" ind2=" ">
    <subfield code="a">Rusconi, Maximiliano </subfield>
    <subfield code="9">7258</subfield>
  </datafield>
  <datafield tag="942" ind1=" " ind2=" ">
    <subfield code="2">ddc</subfield>
    <subfield code="c">LBS1</subfield>
  </datafield>
  <datafield tag="952" ind1=" " ind2=" ">
    <subfield code="0">0</subfield>
    <subfield code="1">0</subfield>
    <subfield code="2">ddc</subfield>
    <subfield code="7">0</subfield>
    <subfield code="8">MO</subfield>
    <subfield code="a">BNPHU</subfield>
    <subfield code="b">BNPHU</subfield>
    <subfield code="c">CT</subfield>
    <subfield code="d">2020-10-21</subfield>
    <subfield code="e">Dom&#xED;nico Americano </subfield>
    <subfield code="l">0</subfield>
    <subfield code="o">T314d</subfield>
    <subfield code="r">2020-10-21</subfield>
    <subfield code="w">2020-10-21</subfield>
    <subfield code="y">LBS1</subfield>
  </datafield>
  <datafield tag="999" ind1=" " ind2=" ">
    <subfield code="c">48941</subfield>
    <subfield code="d">48941</subfield>
  </datafield>
</record>
